| 000 | 01818cam a2200469 i 4500 | ||
|---|---|---|---|
| 001 | xx001780544 | ||
| 003 | NUKAT | ||
| 005 | 20260309140954.0 | ||
| 008 | 001213s2000 pl a |000 1 pol c | ||
| 020 |
_a8390479869 _q(oprawa twarda) |
||
| 035 | _a(OCoLC)751481877 | ||
| 035 | _a(NUKAT)xx001780544 | ||
| 040 |
_aNUKAT _bpol _erda _cKR U/MM _dOLSZT 008/bak |
||
| 045 | 2 |
_bd1970 _bd1986 |
|
| 046 | _k2000 | ||
| 100 | 1 |
_aDąbrowski, Jan _d(1942-2024). _eAutor _eFotografie _912618 |
|
| 245 | 1 | 0 |
_aSzeherezada / _cJan Dąbrowski ; Witold Olszewski, rysunki. |
| 250 | _aWydanie pierwsze. | ||
| 260 |
_aOlsztyn : _bOficyna Druków Niskonakładowych, _c2000. |
||
| 300 |
_a149, [3] strony, [15] strony tablic kolorowych : _bilustracje ; _c21 cm. |
||
| 336 |
_aTekst _btxt _2rdacontent |
||
| 337 |
_aBez urządzenia pośredniczącego _bn _2rdamedia |
||
| 338 |
_aWolumin _bnc _2rdacarrier |
||
| 380 | _aKsiążki | ||
| 380 | _aProza | ||
| 386 |
_mPrzynależność kulturowa _aLiteratura polska |
||
| 388 | 1 | _a1901-2000 | |
| 500 | _aKolejne oznaczenie odpowiedzialności na stronie redakcyjnej. | ||
| 600 | 1 | 7 |
_aDąbrowski, Jan _d(1942-2024) _2DBN _912618 |
| 648 | 7 |
_a1901-2000 _2DBN _934996 |
|
| 648 | 7 |
_a1945-1989 _2DBN _936043 |
|
| 648 | 7 |
_a1989-2000 _2DBN _936156 |
|
| 650 | 7 |
_aPolacy _zAlgieria _y19 w. _2kaba _937674 |
|
| 651 | 7 |
_aSahara (pustynia) _2DBN _936547 |
|
| 651 | 7 |
_aAlgieria _xopisy i relacje z podróży _y1970-2000. _2kaba _937675 |
|
| 651 | 7 |
_aAndaluzja (Hiszpania ; region autonomiczny) _xopisy i relacje z podróży _y1970-2000. _2kaba _937676 |
|
| 655 | 7 |
_aLiteratura podróżnicza _2DBN _937125 |
|
| 700 | 1 |
_aOlszewski, Witold _d(1941-2017). _eIlustracje _937672 |
|
| 710 | 2 |
_aOficyna Druków Niskonakładowych. _eWydawca _4pbl _937673 |
|
| 920 | _a83-904798-6-9 (oprawa twarda) | ||
| 942 |
_2ddc _cBK_NM |
||
| 999 |
_c26868 _d26868 |
||